PROBLEMI DELL'INFORMAZIONE, ANNO 24-N.2 (GIUGNO 1999) (Record no. 148073)

MARC details
000 -LEADER
fixed length control field 01099nas a2200253Ia 4500
001 - CONTROL NUMBER
control field R126/G1529
003 - CONTROL NUMBER IDENTIFIER
control field IT-RoPAU
008 - FIXED-LENGTH DATA ELEMENTS--GENERAL INFORMATION
fixed length control field 151124c99999999xx |||||||||||| ||und||
040 ## - CATALOGING SOURCE
Original cataloging agency IT-RoPAU
040 ## - CATALOGING SOURCE
Transcribing agency IT-RoPAU
041 ## - LANGUAGE CODE
Language code of text/sound track or separate title ITALIANO
100 ## - MAIN ENTRY--PERSONAL NAME
Personal name Porro Renato
Miscellaneous information Codice Aut. SPICS: 9007
210 ## - ABBREVIATED TITLE
Abbreviated title PROBLEMI DELL'INFORMAZIONE
222 ## - KEY TITLE
Key title Problemi Dell'Informazione
245 ## - TITLE STATEMENT
Title PROBLEMI DELL'INFORMAZIONE, ANNO 24-N.2 (GIUGNO 1999)
Remainder of title Sistema Radiotelevisivo Locale (Il): Emittenti, Bilanci, Prospettive
250 ## - EDITION STATEMENT
Edition statement 1a ed.
260 ## - PUBLICATION, DISTRIBUTION, ETC. (IMPRINT)
Place of publication, distribution, etc. BOLOGNA
Name of publisher, distributor, etc. IL MULINO
Date of publication, distribution, etc. 1999
300 ## - PHYSICAL DESCRIPTION
Extent 16 p. [221-236]
362 ## - DATES OF PUBLICATION AND/OR SEQUENTIAL DESIGNATION
Dates of publication and/or sequential designation ANNO 024, N.02 (GIUGNO 1999)
501 ## - WITH NOTE
-- Paulus - SPICS - Società San Paolo EM (non-commercial uses only)
-- Copyright2015
500 ## - GENERAL NOTE
General note Radio e Televisioni Locali: Quante sono in Italia? Pubblico, Pubblicità Erisorse. Tre Piani di Sviluppo per il Futuro. Servizio Pubblico Nelle Realtà Locali. Cosa Significa Cultura in Tv. Identità Locali e Complessità Territoriali. Risorse Pubblicitarie p
650 ## - SUBJECT ADDED ENTRY--TOPICAL TERM
Topical term or geographic name as entry element COMUNICAZIONE
Form subdivision PUBBLICAZIONE PERIODICA
942 ## - ADDED ENTRY ELEMENTS (KOHA)
Koha item type RIVISTA
Holdings
Withdrawn status Lost status Damaged status Not for loan Home library Current library Date acquired Total Checkouts Full call number Date last seen Price effective from Koha item type Public note
    Buone Condizioni Not For Loan SPICS-MEDIATECA SPICS-MEDIATECA 25/11/2015   R126/G1529 25/11/2015 25/11/2015 RIVISTA Progr. Ins: 52475 / Copia rara: NO / date import: 25.11.2015 / By Epidotti, Trombetti, Vaglietti
CREDITS: SOCIETA' SAN PAOLO Via A.Severo, 58 - ROMA (RM) & PERIODICI SAN PAOLO SRL Via Giotto, 36 MILANO & CISF Via Giotto, 36 MILANO & EDIZIONI SAN PAOLO SRL,  Piazza Soncino, 5 CINISELLO BALSAMO (MI) -- ITALY